| 000 | 01062cab a2200181 4500 | ||
|---|---|---|---|
| 001 | ##L132797 | ||
| 008 | 060309n2006 000 0 eng u | ||
| 035 | _a(Sirsi) u132797 | ||
| 041 | 0 | _aeng | |
| 100 | 1 | _aSweet, Rod | |
| 245 | 0 | 0 | _aGoing nuclear |
| 260 | _c2006 | ||
| 490 | 0 |
_aConstruction Manager _vMarch 2006, 20-25(6) |
|
| 520 | _aReports on the likely impact on the construction industry if the decision is taken to build a new generation of nuclear power stations. There are concerns that any new build programme might strain capacity in the industry, which is already suffering from a skills shortage. The Nuclear Industry Association (NIA) is recommending that a range of measures be adopted to avoid the cost and time overruns which dogged the construction of the previous generation of nuclear plants. A separate article "Out with the old" looks at the opportunities for the industry in the decommissioning of existing plants. | ||
| 590 | _aIKA140306 | ||
| 690 | _aBUILT ENVIRONMENT-CONSTRUCTION MANAGEMENT-CONSTRUCTION PLANNING | ||
| 942 | _n0 | ||
| 999 |
_c76635 _d76635 |
||